| 000 | 00744nam a22002297a 4500 | ||
|---|---|---|---|
| 003 | DO-SdBNP | ||
| 005 | 20240228191900.0 | ||
| 008 | 210901b 2018 dr00| 0 eng d | ||
| 020 | _a9789945914900 | ||
| 040 |
_aDO-SdBNP _bspa _cBNPHU |
||
| 082 | 4 |
_aBNPHU RD863.44 _bO96c _222 |
|
| 100 | 1 |
_aOvalles, Pedro, _d1957- _923781 |
|
| 245 | 1 | 3 |
_aEl color de la mirada / _cPedro Ovalles |
| 260 |
_aSanto Domingo : _bPoetas de la Era, _c2020. |
||
| 300 |
_a230 p. : _bil. ; _c23 cm. |
||
| 500 | _aIncluye datos biográficos del autor en la solapa de la cubierta. | ||
| 590 | _aInventariado, 2021 /BT | ||
| 650 | 1 | 4 |
_aPoesÃa dominicana _978298 |
| 650 | 1 | 4 |
_aLiteratura dominicana _978299 |
| 910 | _aBT/Validado. Control de calidad MFF | ||
| 942 |
_2ddc _cLBS1 |
||
| 999 |
_c50358 _d50358 |
||